| 000 | 00833nam a2200229Ia 4500 | ||
|---|---|---|---|
| 008 | 141214s2006||||xx |||||||||||||| ||und|| | ||
| 020 | _a9972217566 | ||
| 040 |
_cpmcft _aCFT |
||
| 041 | _aspa | ||
| 082 |
_a641.5985 _bL/8 |
||
| 100 | _aAcurio Jaramillo, Gastón | ||
| 245 | _aLa cocina del sur | ||
| 260 |
_aLima : _bOrbis Ventures : _bEl Comercio, _c2006 |
||
| 300 |
_a183 páginas _bilustraciones a color _c28 cm. |
||
| 440 |
_aLas cocinas del Perú _n8 |
||
| 500 | _aIncluye glosario páginas 172-175, incluye bibliografía páginas 176-177 | ||
| 650 |
_aCocina peruana _xHistoria _xRecetas _xCocina peruana _zIca _zArequipa _zAyacucho _zMoquegua _zApurimac _zCusco _zPuno _zPerú |
||
| 658 |
_aGastronomía peruana e internacional _bCocina regional peruana II: sierra |
||
| 942 |
_cLIBRO _2ddc |
||
| 999 |
_c3341 _d3341 |
||